00814nam a22002057a 4500999001900000005001700019010001300036020001400049035001100063037001300074082000800087100002900095245013700124246004200261260005900303270006900362300002600431942002800457952012300485 c149076d14907620230529105623.0 aUR-10015 c200.00a- aU-8570 bDBAD/PUB a841 aمر ا د سعید ی  aگد ستہ مر ا د / cمر ا د سعید ی  bGudasta -e-Murad /aby Murad Sayeedi  aRajisthan bFareeduddin Khan,Fahim Uddin Khanc2016 ء aMurad Manzil, Mohallah Rajbun,Tonk,bRajisthane-k9549080577l- a152 صc22cm(Hb)  2ddccURh841mم ر ا  001040708NFICaBL4bBL4d2018-01-10eDBAD/PUB.g200.00l0o841 م ر اpU-8570r2018-01-10 00:00:00t1v200.00yUR